<?xml version="1.0" encoding="UTF-8"?>
<record
    xmlns:xsi="http://www.w3.org/2001/XMLSchema-instance"
    xsi:schemaLocation="http://www.loc.gov/MARC21/slim http://www.loc.gov/standards/marcxml/schema/MARC21slim.xsd"
    xmlns="http://www.loc.gov/MARC21/slim">

  <leader>02423agaaa2200325   4500</leader>
  <controlfield tag="001">8755</controlfield>
  <controlfield tag="003">IT-RoPAU</controlfield>
  <controlfield tag="005">20220918181230.0</controlfield>
  <controlfield tag="007">d cvaizq</controlfield>
  <controlfield tag="008">50131s9999||||xx ||| |     ||   ||und||</controlfield>
  <datafield tag="040" ind1=" " ind2=" ">
    <subfield code="a">IT-RoPAU</subfield>
    <subfield code="c">IT-RoPAU</subfield>
  </datafield>
  <datafield tag="041" ind1=" " ind2=" ">
    <subfield code="a">ITALIANO</subfield>
  </datafield>
  <datafield tag="100" ind1=" " ind2=" ">
    <subfield code="a">Cavani Liliana</subfield>
    <subfield code="g">Codice regista SPICS: 8251</subfield>
    <subfield code="9">40108</subfield>
  </datafield>
  <datafield tag="130" ind1=" " ind2=" ">
    <subfield code="a">DOVE SIETE? IO SONO QUI</subfield>
    <subfield code="9">40109</subfield>
  </datafield>
  <datafield tag="245" ind1=" " ind2=" ">
    <subfield code="a">DOVE SIETE? IO SONO QUI</subfield>
    <subfield code="c">Prodotto da: Bertolucci Giuseppe -- Sceneggiatura: Cavani Liliana Moscati Italo -- Diretto da: Cavani Liliana</subfield>
    <subfield code="p">DOVE SIETE? IO SONO QUI (Rif. Codice opera principale : C8755)</subfield>
  </datafield>
  <datafield tag="250" ind1=" " ind2=" ">
    <subfield code="a">Edizione Standard</subfield>
  </datafield>
  <datafield tag="260" ind1=" " ind2=" ">
    <subfield code="a">(ITALIA)</subfield>
    <subfield code="b">SAN FRANCISCO - RAI / Distribuzione: SKORPION</subfield>
    <subfield code="g">"1993 (1&#xB0; ed.: 1993 ; Ed. Lingua Orig.: 1993)"</subfield>
  </datafield>
  <datafield tag="300" ind1=" " ind2=" ">
    <subfield code="a">VHS</subfield>
    <subfield code="b">sonoro, col.</subfield>
    <subfield code="c">95 minuti</subfield>
  </datafield>
  <datafield tag="508" ind1=" " ind2=" ">
    <subfield code="a">"Fotografia: Nannuzzi Armando; Montaggio: Nicolini Angelo; Musica: Donaggio Pino; Sceneggiatura: Cavani Liliana Moscati Italo; Scenografia: Ricceri Luciano; Soggetto: Cavani Liliana -- Moscati Italo"</subfield>
  </datafield>
  <datafield tag="511" ind1=" " ind2=" ">
    <subfield code="a">"Caselli Chiara; Carotenuto Gaetano; Bonaiuto Anna; D'Obici Valeria; Nobili Ines"</subfield>
  </datafield>
  <datafield tag="520" ind1=" " ind2=" ">
    <subfield code="a">UNA STORIA D'AMORE FRA DUE RAGAZZI NON UDENTI CHE NASCE IN MEZZO ALL'OSTILITA' E ALL'INDIFFERENZA DI MOLTI. FAUSTO E' DI FAMIGLIA BENESTANTE E HA UNAMADRE CHE LO OBBLIGA A DIMENTICARE IL SUO HANDICAP FORZANDOLO A COMPORTARSI DA NORMALE. ELENA FIGLIA DI OPERAI HA DOVUTO ABBANDONARE IL LICEO PERCHE'LA SCUOLA NON LE FORNICA INSEGNAMENTI SPECIALIZZATI E NON RIUSCIVA A CAPIRE LE LEZIONI. SI INCONTRANO E TROVANO INSIEME LA FORZA DI REAGIRE: FAUSTO ALLA IPOCRISIA CHE GLI IMPEDISCE DI RICONOSCERSI PER QUEL CHE E', ELENA ALLASFIDUCIA E ALLE BARRIERE DI OGNI TIPO CHE LA OSTACOLANO NEL SUO DESIDERIO DI STUDIARE E DI RAGGIUNGERE METE CONSENTITE AGLI ALTRI. L'ESAME DI MATURITA' DI ELENA CHE FAUSTO HA CONVINTO A TORNARE A SCUOLA E' IL BANCO DI PROVA DEI LORO SENTIMENTI E DELLA SCOMMESSA DI VITA CHE HANNO INTRAPRESO. FILM DRAMMATICO A COLORI.</subfield>
  </datafield>
  <datafield tag="538" ind1=" " ind2=" ">
    <subfield code="a">PAL, STEREO</subfield>
  </datafield>
  <datafield tag="546" ind1=" " ind2=" ">
    <subfield code="a">ITALIANO</subfield>
  </datafield>
  <datafield tag="650" ind1=" " ind2=" ">
    <subfield code="a">DRAMMATICO</subfield>
    <subfield code="e">FILMS [VHS]</subfield>
    <subfield code="x">Codice MATERIA SPICS: 9960</subfield>
    <subfield code="9">34083</subfield>
  </datafield>
  <datafield tag="700" ind1=" " ind2=" ">
    <subfield code="a">Cavani Liliana </subfield>
    <subfield code="e">(regista)</subfield>
    <subfield code="g">Codice regista SPICS: 8251</subfield>
    <subfield code="9">40110</subfield>
  </datafield>
  <datafield tag="700" ind1=" " ind2=" ">
    <subfield code="a">Cavani Liliana </subfield>
    <subfield code="e">(soggetto)</subfield>
    <subfield code="g">Codice Soggetto SPICS: 8251</subfield>
    <subfield code="9">40111</subfield>
  </datafield>
  <datafield tag="700" ind1=" " ind2=" ">
    <subfield code="a">Donaggio Pino</subfield>
    <subfield code="e">(musica)</subfield>
    <subfield code="g">Codice Musica SPICS: 13658</subfield>
    <subfield code="9">40112</subfield>
  </datafield>
  <datafield tag="700" ind1=" " ind2=" ">
    <subfield code="a">Moscati Italo </subfield>
    <subfield code="e">(soggetto)</subfield>
    <subfield code="g">Codice Soggetto 2&#xB0; SPICS: 3518</subfield>
    <subfield code="9">40113</subfield>
  </datafield>
  <datafield tag="942" ind1=" " ind2=" ">
    <subfield code="c">VH</subfield>
    <subfield code="2">ddc</subfield>
  </datafield>
  <datafield tag="999" ind1=" " ind2=" ">
    <subfield code="c">105212</subfield>
    <subfield code="d">105212</subfield>
  </datafield>
  <datafield tag="952" ind1=" " ind2=" ">
    <subfield code="0">0</subfield>
    <subfield code="1">0</subfield>
    <subfield code="4">0</subfield>
    <subfield code="6">C_8755_000000000000000</subfield>
    <subfield code="7">1</subfield>
    <subfield code="a">SPICS</subfield>
    <subfield code="b">SPICS</subfield>
    <subfield code="d">2015-01-31</subfield>
    <subfield code="l">0</subfield>
    <subfield code="o">C8755</subfield>
    <subfield code="r">2015-01-31 00:00:00</subfield>
    <subfield code="w">2015-01-31</subfield>
    <subfield code="y">VH</subfield>
    <subfield code="z">Progr. Ins.: 484 / N.Vol.:1 / Copie: 1 / Pag.:0 / Copia rara: n.d. / date import: 1.2.2015 / By Epidotti, Trombetti, Vaglietti</subfield>
  </datafield>
</record>
